| 000 | 00346 a2200157 4500 | ||
|---|---|---|---|
| 001 | 165866 | ||
| 020 | _a0-19-422970-X | ||
| 040 | _cMagnum | ||
| 100 | _aHannam, Joyce | ||
| 240 | 1 | 0 |
_aThe death of karen silkwood _lING |
| 245 | 1 | 0 | _aThe death of karen silkwood |
| 300 | _a56 | ||
| 362 | 0 | _a2000 | |
| 697 | _aLITERATURA INGLESA | ||
| 942 | _cBK | ||
| 999 |
_c165866 _d165866 |
||